| 000 | 00730nam a2200241Ia 4500 | ||
|---|---|---|---|
| 003 | 0100 | ||
| 005 | 20161220084113.0 | ||
| 008 | 130303s9999 xx 000 0 und d | ||
| 020 | _a0385059000 | ||
| 040 | _cARRUPELIB | ||
| 050 | _aREF. BS192.2.A11964.G3 1990 | ||
| 100 |
_aQuinn, Jerome D _928123 |
||
| 245 | 4 | _aThe Letter to Titus | |
| 245 | _bA new translation with notes and commentary and an introduction to Titus ,I and II Timothy , Pastoral Epistles | ||
| 250 | _a1st ed. | ||
| 260 | _aNew york | ||
| 260 | _bDoubleday & Co. | ||
| 300 | _axlvii | ||
| 300 | _b 334p. 25cm. | ||
| 440 |
_aThe anchor bible series ; v. 35 _928124 |
||
| 650 |
_aBible N.T. _xTitus _xCommentaries _928125 |
||
| 942 |
_2lcc _cMONOGRAPH |
||
| 999 |
_c20780 _d20780 |
||